000 00345 a2200169 4500
001 186605
020 _a85-349-0436-7
040 _cMagnum
100 _aJose, Elias
240 1 0 _aUm pouco de tudo
_lpor
245 1 0 _aUm pouco de tudo
300 _a20
362 0 _a1982
440 1 _aPaulus
697 _aLITERATURA INFANTO
942 _cBK
999 _c186605
_d186605